000 00326nam a2200145Ia 4500
008 230718s9999 xx 000 0 und d
041 _aEng.
082 _a305.32
_bBEA-M
100 _aBeale BoB
245 0 _aMed from some age
260 _aPakistan
_bOxford in Press
_c2001
300 _a396
650 _aLaw
999 _c26086
_d26086